| 000 | 01119pam a2200313 a 4500 | ||
|---|---|---|---|
| 001 | 013045576 | ||
| 003 | Uk | ||
| 005 | 20201128020949.0 | ||
| 008 | 050308s2005 enkb b 001 0 eng | ||
| 010 | _a 2005271655 | ||
| 020 | _a019280426X | ||
| 020 | _a9780192804266 | ||
| 082 | 0 | 4 |
_a320.01 _222 _bMAC |
| 100 | 1 |
_933417 _aMachiavelli, Niccolò, _d1469-1527 |
|
| 240 | 1 | 0 |
_aPrincipe. _lEnglish |
| 245 | 1 | 4 |
_aThe prince / _cNiccolò Machiavelli ; translated and edited by Peter Bondanella ; with an introduction by Maurizio Viroli. |
| 260 |
_aOxford ; _aNew York : _bOxford University Press, _cc2005. |
||
| 300 |
_ali, 133 p. : _bmap ; _c20 cm. |
||
| 490 | 1 | _aOxford world's classics | |
| 500 | _aTranslation of: Il principe. | ||
| 500 |
_aFormerly CIP. _5Uk |
||
| 504 | _aIncludes bibliographical references (p. [xlii]-xlix) and index. | ||
| 650 | 0 |
_aPolitical science _vEarly works to 1800. _91263 |
|
| 650 | 0 |
_aPolitical ethics. _933418 |
|
| 653 |
_bPol _cAugust2013 |
||
| 700 | 1 |
_aBondanella, Peter E., _d1943- _91265 |
|
| 830 | 0 |
_aOxford world's classics (Oxford University Press) _933419 |
|
| 942 |
_2ddc _cBB |
||
| 999 |
_c17498 _d17470 |
||